<?xml version="1.0" encoding="UTF-8"?>
<record
    xmlns:xsi="http://www.w3.org/2001/XMLSchema-instance"
    xsi:schemaLocation="http://www.loc.gov/MARC21/slim http://www.loc.gov/standards/marcxml/schema/MARC21slim.xsd"
    xmlns="http://www.loc.gov/MARC21/slim">

  <leader>00865nab a2200241uuc4500</leader>
  <controlfield tag="001">1158249</controlfield>
  <controlfield tag="005">20260408100653.0</controlfield>
  <controlfield tag="008">090731s2009                        spa  </controlfield>
  <datafield tag="035" ind1=" " ind2=" ">
    <subfield code="a">1158249</subfield>
  </datafield>
  <datafield tag="035" ind1=" " ind2=" ">
    <subfield code="a">(OCoLC)820490359</subfield>
  </datafield>
  <datafield tag="040" ind1=" " ind2=" ">
    <subfield code="c">comduadb</subfield>
  </datafield>
  <datafield tag="041" ind1=" " ind2=" ">
    <subfield code="a">spa</subfield>
  </datafield>
  <datafield tag="100" ind1="1" ind2="0">
    <subfield code="a">Orozco Padilla, Sonia Cecilia</subfield>
    <subfield code="4">aut</subfield>
    <subfield code="e">aut</subfield>
    <subfield code="9">488275</subfield>
  </datafield>
  <datafield tag="245" ind1="1" ind2="0">
    <subfield code="a">Realidades ocultas detras de la experimentacion cientifica con animales</subfield>
  </datafield>
  <datafield tag="260" ind1=" " ind2=" ">
    <subfield code="c">2009.</subfield>
  </datafield>
  <datafield tag="650" ind1=" " ind2=" ">
    <subfield code="a">Bienestar animal</subfield>
    <subfield code="9">23681</subfield>
  </datafield>
  <datafield tag="650" ind1=" " ind2="7">
    <subfield code="a">Animales de laboratorio</subfield>
    <subfield code="2">dcs</subfield>
    <subfield code="9">30859</subfield>
  </datafield>
  <datafield tag="650" ind1=" " ind2=" ">
    <subfield code="a">Maltrato a los animales</subfield>
    <subfield code="9">140899</subfield>
  </datafield>
  <datafield tag="650" ind1=" " ind2=" ">
    <subfield code="a">Singer, Peter, 1946- - Cr&#xED;tica e interpretaci&#xF3;n</subfield>
    <subfield code="9">179842</subfield>
  </datafield>
  <datafield tag="650" ind1=" " ind2="7">
    <subfield code="a">Experimentaci&#xF3;n animal</subfield>
    <subfield code="2">embne</subfield>
    <subfield code="9">237390</subfield>
  </datafield>
  <datafield tag="773" ind1="0" ind2=" ">
    <subfield code="t">Revista Colombiana de Ciencias Pecuarias (Medell&#xED;n)</subfield>
    <subfield code="g">Volumen 22, N&#xFA;mero 01, Marzo 2009, 87-90</subfield>
    <subfield code="w">315324</subfield>
    <subfield code="x">0120-0690</subfield>
    <subfield code="0">107734</subfield>
  </datafield>
  <datafield tag="942" ind1=" " ind2=" ">
    <subfield code="c">ARIMP</subfield>
  </datafield>
  <datafield tag="999" ind1=" " ind2=" ">
    <subfield code="c">522005</subfield>
    <subfield code="d">522005</subfield>
  </datafield>
</record>
